Critical Rading Improvement / (Record no. 185736)

000 -LEADER
fixed length control field 00760 a2200181 4500
003 - CONTROL NUMBER IDENTIFIER
control field Nust
005 - DATE AND TIME OF LATEST TRANSACTION
control field 20230125132246.0
040 ## - CATALOGING SOURCE
Transcribing agency Nust
082 ## - DEWEY DECIMAL CLASSIFICATION NUMBER
Classification number 428.4,HAR
100 ## - MAIN ENTRY--PERSONAL NAME
Personal name Harnadek, Anita
9 (RLIN) 107644
245 ## - TITLE STATEMENT
Title Critical Rading Improvement /
Statement of responsibility, etc. Anita Harnadek
250 ## - EDITION STATEMENT
Edition statement 2 nd ed
260 ## - PUBLICATION, DISTRIBUTION, ETC.
Place of publication, distribution, etc. New York
Name of publisher, distributor, etc. Mc Grawhill
300 ## - PHYSICAL DESCRIPTION
Extent 182;p
505 ## - FORMATTED CONTENTS NOTE
Formatted contents note Introduction (Page-1), Considering the Source (Page-5), Recognizing What is Said (Page-10), Recognizing Some Common Faults in Thinking (Page-20), Recognizing Assumptions and Implications (Page-38), Recognizing Internet, Attitude, Tone and Bias (Page-44), Analyzing Arguments (Page-68), Applying What You’ve Learned (Page-88).
650 ## - SUBJECT ADDED ENTRY--TOPICAL TERM
Topical term or geographic name entry element Rading Improvement
9 (RLIN) 107645
942 ## - ADDED ENTRY ELEMENTS (KOHA)
Source of classification or shelving scheme
Koha item type Book
Call number prefix 428.4,HAR
Holdings
Withdrawn status Lost status Source of classification or shelving scheme Damaged status Not for loan Collection code Permanent Location Current Location Date acquired Total Checkouts Full call number Barcode Date last seen Price effective from Koha item type
            Military College of Signals (MCS) Military College of Signals (MCS) 12/12/2016   428.4 HAR MCS20792 12/08/2016 12/12/2016 Book
© 2023 Central Library, National University of Sciences and Technology. All Rights Reserved.